000
00290nam a22001217a 4500
003
SGT
082
_a
616.833
_b
P02F
100
_a
FECTOR, STEWART
245
_a
PARKINSON'S DECEASES DIAGNOSIS AND CLINICAL MANAGEMENT
260
_a
NEW YORK
_b
DEMOS
_c
2002
300
_a
685
942
_2
ddc
_c
BK
999
_c
14819
_d
14819